000 00409nam a2200169Ia 4500
001 29798
003 IN-NITTTR
005 20251114233405.0
008 251113s9999||||xx |||||||||||||| ||eng||
040 _beng
040 _cIN-NITTTR
041 _aeng
082 _a519.3 V55A
100 _aVenkataraman, P.
245 0 _aApplied optimization with MATLAB programming /
_cVenkataraman, P.
942 _2ddc
_cBK
999 _c32426
_d32426